| 000 | 02181ncm0a2200397 4500 | ||
|---|---|---|---|
| 001 | RU\NLR\ONIZ\218752 | ||
| 005 | 20250626062658.0 | ||
| 010 | _a978-5-91201-227-3 | ||
| 013 | _a979-0-706415-21-5 | ||
| 021 |
_aRU _b16-403н _916-27н |
||
| 035 | _aRU\NLR\ONIZ\Таня\5000004679\20170614102741 | ||
| 035 | _a(NLR Aleph) 011415239 | ||
| 090 |
_a11580968 _c11580968 |
||
| 100 | _a20170614d2016 |||y0rusy50 ca | ||
| 101 | 0 | _arus | |
| 102 | _aRU | ||
| 125 | _azx | ||
| 145 | 0 | _au | |
| 200 | 1 |
_aРабота дирижера над партитурой _bНоты _eучеб.-метод. пособие для студентов высш. муз. заведений и руководителей учеб. орк. нар. инструментов _fВ. С. Бурдин |
|
| 210 |
_aПермь _cПермский гос. ин-т культуры _d2016 |
||
| 215 |
_a130 с. _d29 см |
||
| 300 | _aНа с. 3-4: предисл. | ||
| 313 | _aСистематизация документа проведена по изданию - Методика классифицирования музыкальных произведений (нотных изданий) по таблицам Библиотечно-библиографических классификаций : метод. рекомендации / Гос. б-ка СССР им. В.И. Ленина.- М., 1977. Индексу ББК методических рекомендаций присваивается код ББК для научных библиотек - LBC/SL | ||
| 606 | 1 |
_aПособия по работе дирижера над партитурой _yРоссия _zXXI век _jНоты _2nlr_sh |
|
| 686 |
_aЩ951.190(2Р) _vLBC/SL _2rubbk |
||
| 700 | 1 |
_9z01790 _aБурдин _bВ. С. _gВалерий Степанович _4070 |
|
| 790 | 1 |
_9z01700 _aBurdin _bV. S. _gValerij Stepanovich _4070 |
|
| 801 | 0 |
_aRU _bNLR _c20170614 _gPSBO |
|
| 801 | 1 |
_aRU _bNLR _c20170614 _2rusmarc |
|
| 801 | 2 |
_aRU _bNLR _c20191228 |
|
| 852 |
_aNLR _bМ _j3/11622 _pМОЭ 2016-27н/403н _t1 |
||
| 852 |
_aNLR _bМ _j3/11622а _pМОЭ 2016-27н/403на _t2 |
||
| 942 | _cSCORE | ||
| 980 | _aNB | ||
| 980 | _aONIZ | ||